Renoir: el pintor de la felicidad, 1841-1919

-д хадгалсан:
Номзүйн дэлгэрэнгүй
Үндсэн зохиолч: Néret, Gilles (autor)
Формат: Ном
Хэл сонгох:испани
Хэвлэсэн: Colonia Taschen 2011
Нөхцлүүд:
Шошгууд: Шошго нэмэх
Шошго байхгүй, Энэхүү баримтыг шошголох эхний хүн болох!

MARC

LEADER 00000cam a2200000 a 4500
001 UCF6600
003 CL-VaPUC
005 20220804172047.0
008 130509e20110000GW |||||||||||||||||spa|d
999 |c 351742  |d 351740 
020 |a 9783836519069 
040 |c Pontificia Universidad Católica de Valparaíso 
082 0 4 |a 759.4  |b NER  |2 21 
100 |a Néret, Gilles  |e autor  |9 450026 
245 1 0 |a Renoir: el pintor de la felicidad, 1841-1919 
260 |a Colonia  |b Taschen  |c 2011 
300 |a 438 p 
583 |a last modification  |c 20130509 12:56:00  |k Rodrigo Vera 
600 0 |a Renoir, Pierre-Auguste,  |d 1841-1919  |9 474488 
650 0 |a Pintura francesa  |9 266122 
650 0 |a Pintores franceses   |9 340354 
650 7 |a IMPRESIONISMO  |2 CL-VaPUC  |9 324638 
942 |c BK  |2 ddc 
945 |d 20130509 00:00:00  |a dcastane 
952 |0 0  |1 0  |4 0  |6 759_400000000000000_NER_2011  |7 0  |8 A  |9 456057  |a BIBARQ  |b BIBARQ  |d 2019-11-22  |i 4968980  |l 1  |o 759.4 NER 2011  |p 4968980  |r 2025-04-10  |s 2025-04-03  |w 2019-11-22  |y BK  |k ARQ